| 000 | 00461nam a22001697a 4500 | ||
|---|---|---|---|
| 003 | OSt | ||
| 005 | 20140625213004.0 | ||
| 008 | 131112b1979 slv spa | ||
| 040 | _cBMC | ||
| 082 | _a972.84 | ||
| 100 | 1 |
_99180 _aDalton, Roque _d1935-1975 |
|
| 245 | 1 | 0 |
_aEl Salvador _b: (monografĂa) _cRoque Dalton |
| 260 |
_a[San Salvador] _bEditorial Universitaria _c1979 |
||
| 300 |
_a224 p. _c20 cm |
||
| 651 | 4 |
_93692 _aEl Salvador _xHistoria |
|
| 942 |
_2ddc _cBK |
||
| 999 |
_c4013 _d4013 |
||